[Event "EU-ch Hybrid U20"]
[Site "Tornelo INT"]
[Date "2021.10.15"]
[Round "7"]
[White "Garayev, Kanan Farzali Oglu"]
[Black "Yucesoy, Atil"]
[Result "1-0"]
[WhiteElo "2339"]
[BlackElo "1663"]
[PlyCount "85"]
[EventDate "2021.10.15"]
[EventType "swiss"]
[EventRounds "9"]
[EventCountry "NET"]
[SourceTitle "EXT 2023"]
[Source "ChessBase"]
[SourceDate "2022.10.05"]
[SourceVersion "1"]
[SourceVersionDate "2022.10.05"]
[SourceQuality "1"]
[WhiteTeam "Azerbaijan"]
[BlackTeam "Turkey"]
[WhiteTeamCountry "AZE"]
[BlackTeamCountry "TUR"]

1. Nf3 d5 2. c4 c6 3. e3 Nf6 4. Nc3 g6 5. d4 Bg7 6. Be2 0-0 7. 0-0 Bg4 8. cxd5 Nxd5 9. e4 Nb6 10. e5 Na6 11. h3 Bxf3 12. Bxf3 Nc7 13. a4 Ne6 14. a5 Nc4 15. Be2 Nxa5 16. b4 Qxd4 17. Qxd4 Nxd4 18. Rxa5 b6 19. Ra2 Bxe5 20. Ba6 Rab8 21. Bc4 Nf3+ 22. gxf3 Bxc3 23. b5 cxb5 24. Bxb5 a5 25. Ba3 Bf6 26. Re1 Rb7 27. Rd1 Rc7 28. Bc1 Rc3 29. Be3 Rb3 30. Ba4 Rb4 31. Bd2 Rd4 32. Rb1 Rh4 33. Kg2 Bd4 34. Bg5 Rh5 35. Bxe7 Rc8 36. Rd2 Bc5 37. Bf6 Rf5 38. Bd7 Rxf6 39. Bxc8 a4 40. Ba6 a3 41. Bc4 Rf4 42. Ba2 Rb4 43. Rxb4 1-0

[Event "EU-ch Hybrid U20"]
[Site "Tornelo INT"]
[Date "2021.10.15"]
[Round "4"]
[White "Yucesoy, Atil"]
[Black "Tryggestad, Andreas Garberg"]
[Result "0-1"]
[WhiteElo "1663"]
[BlackElo "2268"]
[PlyCount "90"]
[EventDate "2021.10.15"]
[EventType "swiss"]
[EventRounds "9"]
[EventCountry "NET"]
[SourceTitle "EXT 2023"]
[Source "ChessBase"]
[SourceDate "2022.10.05"]
[SourceVersion "1"]
[SourceVersionDate "2022.10.05"]
[SourceQuality "1"]
[WhiteTeam "Turkey"]
[BlackTeam "Norway"]
[WhiteTeamCountry "TUR"]
[BlackTeamCountry "NOR"]

1. d4 Nf6 2. Nf3 g6 3. Nbd2 d5 4. b4 Bg7 5. e3 0-0 6. c4 c6 7. a4 Bf5 8. Qb3 Nbd7 9. Bb2 Re8 10. h3 h6 11. cxd5 cxd5 12. g4 Be6 13. Bd3 Nb6 14. a5 Nc8 15. g5 Ne4 16. gxh6 Bxh6 17. Ne5 Nxd2 18. Kxd2 Nd6 19. Rag1 Bg7 20. h4 Ne4+ 21. Ke2 Nf6 22. Qc2 Rc8 23. Qb1 Qd6 24. Bxg6 Qxb4 25. Kf3 Kf8 26. Bf5 Ne4 27. Bxe4 dxe4+ 28. Qxe4 Red8 29. Qh7 Bd5+ 30. e4 Qb3+ 31. Kf4 Bxe5+ 32. dxe5 Ke8 33. Rg8+ Kd7 34. Rxd8+ Kxd8 35. exd5 Rc4+ 36. Kg5 Qxb2 37. Qg8+ Kc7 38. Qxf7 Qxe5+ 39. Qf5 Qg7+ 40. Kh5 Qh8+ 41. Kg5 Qg8+ 42. Kh6 Kb8 43. Qe5+ Ka8 44. Qxe7 Rc8 45. Rd1 Qg4 0-1

[Event "TUR Cup"]
[Site "Antalya"]
[Date "2020.01.31"]
[Round "9"]
[White "Yucesoy, Atil"]
[Black "Yarar, Bora"]
[Result "0-1"]
[WhiteElo "1680"]
[BlackElo "1871"]
[PlyCount "50"]
[EventDate "2020.01.26"]
[EventType "swiss"]
[EventRounds "11"]
[EventCountry "TUR"]
[SourceTitle "CBM 194 Extra"]
[Source "ChessBase"]
[SourceDate "2020.03.31"]
[SourceVersion "1"]
[SourceVersionDate "2020.03.31"]
[SourceQuality "1"]

1. d4 d5 2. c4 e6 3. Nc3 Nf6 4. Nf3 Be7 5. Qc2 0-0 6. e4 dxe4 7. Nxe4 Nc6 8. Be3 Nxe4 9. Qxe4 Bb4+ 10. Kd1 Be7 11. g4 f5 12. gxf5 exf5 13. Qf4 Bd6 14. Qg5 f4 15. Qd5+ Kh8 16. Bd2 Bf5 17. Rg1 Qf6 18. Bc3 Rad8 19. Qb5 a6 20. Qxb7 Nxd4 21. Qxa6 Be7 22. Qa5 Nb3+ 23. Qd5 Rxd5+ 24. cxd5 Nxa1 25. Bxf6 Bxf6 0-1

[Event "TUR-ch U13-U18"]
[Site "Antalya"]
[Date "2020.01.22"]
[Round "6"]
[White "Kirilmaz, Emre"]
[Black "Yucesoy, Atil"]
[Result "1-0"]
[WhiteElo "2068"]
[BlackElo "1680"]
[PlyCount "65"]
[EventDate "2020.01.19"]
[EventType "swiss"]
[EventRounds "11"]
[EventCountry "TUR"]
[SourceTitle "CBM 195 Extra"]
[Source "ChessBase"]
[SourceDate "2020.05.31"]
[SourceVersion "1"]
[SourceVersionDate "2020.05.31"]
[SourceQuality "1"]

1. d4 d5 2. c3 e6 3. Nf3 c5 4. Bg5 Be7 5. Bxe7 Qxe7 6. e3 Nf6 7. Nbd2 0-0 8. Bd3 Nc6 9. Ne5 Nxe5 10. dxe5 Nd7 11. f4 f6 12. exf6 Qxf6 13. 0-0 e5 14. Bc2 b6 15. Ne4 Qc6 16. Ba4 b5 17. Bxb5 Qxb5 18. Qxd5+ Kh8 19. Nd6 Bb7 20. Qxb7 Qxb7 21. Nxb7 Rab8 22. Na5 exf4 23. Rxf4 Rxb2 24. Rxf8+ Nxf8 25. a4 Re2 26. Nc6 a6 27. Nb8 Rxe3 28. Nxa6 Rxc3 29. a5 c4 30. Nc7 Nd7 31. a6 Nb6 32. a7 Kg8 33. Nd5 1-0

[Event "TUR-chT 1st League"]
[Site "Konya"]
[Date "2019.07.28"]
[Round "9.5"]
[White "Ahmadzada, Ahmad Samir"]
[Black "Yucesoy, Atil"]
[Result "1-0"]
[WhiteElo "2430"]
[BlackElo "1768"]
[PlyCount "78"]
[EventDate "2019.07.22"]
[EventType "team-swiss"]
[EventRounds "9"]
[EventCountry "TUR"]
[SourceTitle "CBM 191 Extra"]
[Source "ChessBase"]
[SourceDate "2019.09.30"]
[SourceVersion "1"]
[SourceVersionDate "2019.09.30"]
[SourceQuality "1"]
[WhiteTeam "Ankara Dernegi"]
[BlackTeam "Burdurspor Dernegi"]
[WhiteTeamCountry "TUR"]
[BlackTeamCountry "TUR"]

1. e4 e5 2. Nf3 Nf6 3. Nxe5 d6 4. Nf3 Nxe4 5. d4 d5 6. Bd3 Nc6 7. 0-0 Be7 8. Re1 Bg4 9. c3 f5 10. Qb3 0-0 11. Nbd2 Na5 12. Qa4 c5 13. Ne5 Nxd2 14. Bxd2 c4 15. Bf1 Bh5 16. g3 Be8 17. Qc2 Nc6 18. Bg2 Bf6 19. h4 f4 20. Bxf4 Bxh4 21. b3 Bf6 22. bxc4 dxc4 23. Nxc4 Bf7 24. Nd6 Qd7 25. Rab1 Na5 26. Rb5 g5 27. Rxa5 gxf4 28. Nxf7 Rxf7 29. Bd5 fxg3 30. Bxf7+ Qxf7 31. fxg3 Qc7 32. Rc5 Qxg3+ 33. Qg2 Qxg2+ 34. Kxg2 a6 35. Rc7 b5 36. Re6 Bg5 37. d5 Rd8 38. Rxa6 Bf4 39. Rb7 Be5 1-0

[Event "TUR-chT 1st League"]
[Site "Konya"]
[Date "2019.07.27"]
[Round "8.7"]
[White "Onay, Emrah"]
[Black "Yucesoy, Atil"]
[Result "1-0"]
[WhiteElo "1843"]
[BlackElo "1768"]
[PlyCount "59"]
[EventDate "2019.07.22"]
[EventType "team-swiss"]
[EventRounds "9"]
[EventCountry "TUR"]
[SourceTitle "CBM 191 Extra"]
[Source "ChessBase"]
[SourceDate "2019.09.30"]
[SourceVersion "1"]
[SourceVersionDate "2019.09.30"]
[SourceQuality "1"]
[WhiteTeam "Denizli Metin Surmeli"]
[BlackTeam "Burdurspor Dernegi"]
[WhiteTeamCountry "TUR"]
[BlackTeamCountry "TUR"]

1. e4 d5 2. exd5 Qxd5 3. Nf3 Nf6 4. d4 Bg4 5. Be2 e6 6. c4 Qa5+ 7. Nc3 Ne4 8. 0-0 Nxc3 9. bxc3 c6 10. Qb3 Qb6 11. Bf4 Qxb3 12. axb3 Nd7 13. Rfe1 Be7 14. d5 0-0 15. Nd4 Bxe2 16. Rxe2 Bf6 17. dxc6 bxc6 18. Nxc6 Bxc3 19. Rxa7 Rxa7 20. Nxa7 Ra8 21. Be3 Bb4 22. g3 Ne5 23. f4 Ng4 24. Bd4 Kf8 25. Nc6 Bd6 26. b4 Nh6 27. c5 Be7 28. Bxg7+ Kxg7 29. Nxe7 Rb8 30. Nc6 1-0

[Event "TUR-chT 2nd League"]
[Site "Konya"]
[Date "2018.07.20"]
[Round "7.6"]
[White "Yucesoy, Atil"]
[Black "Taban, Yagiz"]
[Result "1/2-1/2"]
[WhiteElo "1650"]
[BlackElo "1618"]
[PlyCount "102"]
[EventDate "2018.07.16"]
[EventType "team-swiss"]
[EventRounds "9"]
[EventCountry "TUR"]
[SourceTitle "EXT 2019"]
[Source "ChessBase"]
[SourceDate "2018.10.10"]
[SourceVersion "1"]
[SourceVersionDate "2018.10.10"]
[SourceQuality "1"]
[WhiteTeam "Mezopotamya"]
[BlackTeam "Altin Hamle Corum"]
[WhiteTeamCountry "TUR"]
[BlackTeamCountry "TUR"]

1. d4 f5 2. c4 e6 3. Nc3 Nf6 4. Nf3 b6 5. g3 Bb7 6. Bg2 Bb4 7. Qc2 0-0 8. 0-0 Bxc3 9. Qxc3 Qe8 10. Bf4 d6 11. b4 Nbd7 12. Rac1 a5 13. a3 axb4 14. axb4 Ra2 15. c5 Ne4 16. Qe3 Qa8 17. Rfd1 Ndf6 18. Qd3 Nd5 19. cxd6 cxd6 20. Ng5 Nxg5 21. Bxg5 Nxb4 22. Qb3 Bxg2 23. Qxb4 Bh3 24. d5 exd5 25. Qxd6 Rxe2 26. Qxd5+ Qxd5 27. Rxd5 Ra8 28. Be3 Rb8 29. Rb5 Kf7 30. Rxb6 Rxb6 31. Bxb6 Kg6 32. Ba5 Kh5 33. Re1 Ra2 34. Bc3 g5 35. Ra1 Rc2 36. Be5 h6 37. f4 Rg2+ 38. Kh1 Re2 39. Kg1 Kg4 40. Rb1 Rg2+ 41. Kh1 Rc2 42. Kg1 Re2 43. Rb4 Re1+ 44. Kf2 Rf1+ 45. Ke3 Kh5 46. Rb6 Re1+ 47. Kf3 Bg4+ 48. Kf2 Re2+ 49. Kg1 Bh3 50. Bg7 Rg2+ 51. Kh1 Rd2 1/2-1/2

[Event "TUR-chT 2nd League"]
[Site "Konya"]
[Date "2018.07.17"]
[Round "3.8"]
[White "Ertas, Deniz"]
[Black "Yucesoy, Atil"]
[Result "1-0"]
[WhiteElo "1762"]
[BlackElo "1650"]
[PlyCount "61"]
[EventDate "2018.07.16"]
[EventType "team-swiss"]
[EventRounds "9"]
[EventCountry "TUR"]
[SourceTitle "EXT 2019"]
[Source "ChessBase"]
[SourceDate "2018.10.10"]
[SourceVersion "1"]
[SourceVersionDate "2018.10.10"]
[SourceQuality "1"]
[WhiteTeam "Bursa Nida"]
[BlackTeam "Mezopotamya"]
[WhiteTeamCountry "TUR"]
[BlackTeamCountry "TUR"]

1. d4 d5 2. Nc3 Nf6 3. Bg5 Nbd7 4. Nf3 c6 5. e3 e6 6. Bd3 Be7 7. 0-0 0-0 8. Re1 b6 9. Bxf6 Nxf6 10. e4 dxe4 11. Nxe4 Bb7 12. Qe2 c5 13. Nxf6+ Bxf6 14. dxc5 Bxb2 15. Rab1 Qf6 16. Ne5 Bxe5 17. Qxe5 Qxe5 18. Rxe5 Rac8 19. h3 f6 20. Rxe6 Rxc5 21. Re7 Bd5 22. Rbe1 Bxa2 23. Rd7 Re5 24. Ra1 Ra5 25. Rxa2 Rxa2 26. Bc4+ Kh8 27. Bxa2 h5 28. Bd5 Rc8 29. Rxa7 Rxc2 30. f4 f5 31. Rb7 1-0

[Event "TUR Cup										"]
[Site "Antalya"]
[Date "2018.02.03"]
[Round "11"]
[White "Yucesoy, Atil"]
[Black "Ozsarilar, Osman Nuri"]
[Result "1-0"]
[WhiteElo "1630"]
[BlackElo "1833"]
[PlyCount "97"]
[EventDate "2018.01.27"]
[EventType "swiss"]
[EventRounds "11"]
[EventCountry "TUR"]
[SourceTitle "CBM 182 Extra"]
[Source "ChessBase"]
[SourceDate "2018.02.23"]
[SourceVersion "1"]
[SourceVersionDate "2018.02.23"]
[SourceQuality "1"]

1. d4 Nf6 2. c4 e6 3. Nf3 b6 4. e3 Be7 5. Nc3 Bb7 6. Bd3 d5 7. 0-0 0-0 8. Qc2 dxc4 9. Bxc4 Bxf3 10. gxf3 c5 11. Rd1 cxd4 12. Rxd4 Qc7 13. Ne4 b5 14. Bd3 Qxc2 15. Bxc2 Nc6 16. Rd1 Rad8 17. Bd2 Ne5 18. Kg2 Nd5 19. Bb3 Ng6 20. Ba5 Nh4+ 21. Kg3 Rd7 22. Bxd5 exd5 23. Nc3 Rd6 24. Nxd5 Rg6+ 25. Kh3 Nf5 26. e4 Rh6+ 27. Kg4 Rh4+ 28. Kxf5 g6+ 29. Ke5 Bc5 30. Nf6+ Kg7 31. Rd8 Be7 32. Ne8+ Kh6 33. Ra8 Rh5+ 34. Kd4 Bc5+ 35. Kd3 f5 36. e5 Rh3 37. Bd2+ f4 38. Ke4 Bxf2 39. Nc7 Rf7 40. e6 Re7 41. Bxf4+ g5 42. Bd6 Rh4+ 43. Kf5 Bd4 44. Nd5 Rg7 45. Bf8 Rh3 46. Bxg7+ Bxg7 47. e7 Rxf3+ 48. Ke6 Rf2 49. Re1 1-0

[Event "TUR Cup										"]
[Site "Antalya"]
[Date "2018.01.28"]
[Round "3"]
[White "Yucesoy, Atil"]
[Black "Degirmenci, Yagiz"]
[Result "1/2-1/2"]
[WhiteElo "1630"]
[BlackElo "1837"]
[PlyCount "63"]
[EventDate "2018.01.27"]
[EventType "swiss"]
[EventRounds "11"]
[EventCountry "TUR"]
[SourceTitle "CBM 182 Extra"]
[Source "ChessBase"]
[SourceDate "2018.02.23"]
[SourceVersion "1"]
[SourceVersionDate "2018.02.23"]
[SourceQuality "1"]

1. d4 d5 2. c4 e6 3. Nc3 Nf6 4. Nf3 Be7 5. e3 0-0 6. Bd3 c6 7. 0-0 Nbd7 8. e4 dxe4 9. Nxe4 Nxe4 10. Bxe4 Nf6 11. Bc2 h6 12. b3 Qa5 13. Qd3 Qf5 14. Qxf5 exf5 15. Re1 Bb4 16. Re3 f4 17. Re2 Bc3 18. Rb1 Bg4 19. Bxf4 Bxf3 20. gxf3 Bxd4 21. Re7 Rfe8 22. Rbe1 Bc5 23. Rxe8+ Rxe8 24. Rxe8+ Nxe8 25. Bf5 Bd6 26. Be3 c5 27. h3 Kf8 28. Kf1 Ke7 29. Ke2 b6 30. Bc2 Ke6 31. f4 f5 32. Kf3 1/2-1/2

[Event "TUR Cup"]
[Site "Antalya"]
[Date "2017.02.01"]
[Round "7"]
[White "Yucesoy, Atil"]
[Black "Dogan, Ugur"]
[Result "1-0"]
[WhiteElo "1558"]
[BlackElo "1817"]
[PlyCount "93"]
[EventDate "2017.01.28"]
[EventType "swiss"]
[EventRounds "11"]
[EventCountry "TUR"]
[SourceTitle "CBM 176 Extra"]
[Source "ChessBase"]
[SourceDate "2017.03.02"]
[SourceVersion "1"]
[SourceVersionDate "2017.03.02"]
[SourceQuality "1"]

1. d4 Nf6 2. c4 g6 3. Nc3 Bg7 4. e4 d6 5. Nf3 0-0 6. h3 e5 7. d5 a5 8. Bg5 Bd7 9. Be2 Na6 10. Qc2 Qe8 11. g4 Kh8 12. 0-0-0 Nb4 13. Qb3 Ng8 14. a3 Na6 15. Nd2 Nc5 16. Qc2 a4 17. Rh2 Qc8 18. Rg1 f6 19. Be3 b6 20. h4 Be8 21. g5 Bf7 22. h5 fxg5 23. Rxg5 gxh5 24. Bxh5 Bxh5 25. Rgxh5 Nf6 26. R5h4 Rf7 27. Nf3 Bf8 28. Bxc5 bxc5 29. Ng5 Rg7 30. Ne6 Rg1+ 31. Kd2 Rg6 32. Nxa4 Qa6 33. b3 Qa5+ 34. Qc3 Qa7 35. Qh3 c6 36. dxc6 Qe7 37. Nb6 Rxa3 38. Nxf8 Ra2+ 39. Kd3 Rg1 40. Rxh7+ Nxh7 41. Qxh7+ Qxh7 42. Rxh7+ Kg8 43. c7 Rd1+ 44. Ke3 Re1+ 45. Kf3 Ra3 46. c8Q Rxb3+ 47. Kg2 1-0

[Event "TUR Cup 1516"]
[Site "Manavgat"]
[Date "2016.02.06"]
[Round "11"]
[White "Yucesoy, Atil"]
[Black "Celik, Adil"]
[Result "1/2-1/2"]
[WhiteElo "1488"]
[BlackElo "2028"]
[PlyCount "40"]
[EventDate "2016.01.30"]
[EventType "swiss"]
[EventRounds "11"]
[EventCountry "TUR"]
[SourceTitle "EXT 2018"]
[Source "ChessBase"]
[SourceDate "2017.10.13"]
[SourceVersion "1"]
[SourceVersionDate "2017.10.13"]
[SourceQuality "1"]

1. d4 e6 2. c4 d5 3. Nc3 Nf6 4. Nf3 Bb4 5. e3 0-0 6. Bd3 c5 7. 0-0 cxd4 8. Nxd4 e5 9. Nc2 Bxc3 10. bxc3 Qc7 11. cxd5 Nxd5 12. Bxh7+ Kxh7 13. Qxd5 Bf5 14. Qb3 Nc6 15. Nb4 Na5 16. Qd1 Qxc3 17. Nd5 Qc5 18. Ba3 Qxa3 19. Qh5+ Kg8 20. Qxf5 Nc6 1/2-1/2

[Event "Manavgat Turkey Cup"]
[Site "Manavgat"]
[Date "2016.02.05"]
[Round "10"]
[White "Celik, Erdinc"]
[Black "Yucesoy, Atil"]
[Result "0-1"]
[WhiteElo "1706"]
[BlackElo "1488"]
[PlyCount "79"]
[EventDate "2016.01.30"]
[EventType "swiss"]
[EventRounds "11"]
[EventCountry "TUR"]
[SourceTitle "CBM 170 Extra"]
[Source "ChessBase"]
[SourceDate "2016.02.25"]
[SourceVersion "1"]
[SourceVersionDate "2016.02.25"]
[SourceQuality "1"]

1. e4 e5 2. d4 exd4 3. c3 d5 4. exd5 Qxd5 5. Nf3 Nc6 6. Bf4 Bd6 7. Bxd6 Qxd6 8. Nxd4 Nxd4 9. Qxd4 Qxd4 10. cxd4 Be6 11. Nc3 0-0-0 12. 0-0-0 Nf6 13. f3 Rd7 14. Bb5 c6 15. Ba4 Rhd8 16. Ne2 Bc4 17. Rhe1 Nd5 18. Nc3 Nf4 19. Bc2 Nxg2 20. Re5 f6 21. Re4 f5 22. Re5 g6 23. b3 Bd5 24. Rf1 Nh4 25. Bd1 f4 26. Kb2 Nf5 27. Nxd5 Rxd5 28. Rxd5 Rxd5 29. Re1 Kd7 30. Bc2 Rxd4 31. Kc3 Ne3 32. Bd3 c5 33. Rg1 Nd5+ 34. Kd2 Nb4 35. Rg5 Rxd3+ 36. Ke2 Kd6 37. Rg4 Re3+ 38. Kd2 Rxf3 39. a3 Nd5 40. h4 0-1